Gods glory in mans happiness, with the freeness of his grace in electing us : together with many Arminian objections answered /

Bibliographic Details
Main Author: Taylor, Francis, 1590-1656
Format: eBook
Language:English
Published: London : Printed by E.C. for G. and H. Eversden ..., 1654.
Series:Early English books online.
Online Access:Connect to the full text of this electronic book

MARC

Tag First Indicator Second Indicator Subfields
LEADER 00000nam a2200000Ia 4500
001 in00004177313
005 20200810072552.0
006 m g d
007 cr bn |||a|bb|
008 850617s1654 enk o 00| | eng d
035 |a (OCoLC)12165876 
040 |a EAA  |c EAA  |d m/c  |d UMI  |d WaOLN 
037 |a CL0037000003  |b ProQuest Information and Learning. 300 N. Zeeb Rd., Ann Arbor, MI 48106 
049 |a UMIA 
100 1 |a Taylor, Francis,  |d 1590-1656. 
245 1 0 |a Gods glory in mans happiness, with the freeness of his grace in electing us :  |b together with many Arminian objections answered /  |c by Francis Taylor ... 
260 |a London :  |b Printed by E.C. for G. and H. Eversden ...,  |c 1654. 
300 |a 1 online resource ([14], 227, [3] pages) 
336 |a text  |b txt  |2 rdacontent 
337 |a computer  |b c  |2 rdamedia 
338 |a online resource  |b cr  |2 rdacarrier 
500 |a "Gods choice and mans diligence" (pages [145]) has special t.p. 
500 |a Errata: pages [1] at end. 
500 |a Advertisements on pages [2]-[3] at end. 
500 |a Reproduction of original in Union Theological Seminary Library, New York. 
510 4 |a Wing  |c T279 
510 4 |a McAlpin Coll.  |c III 95 
533 |a Electronic reproduction.  |b Ann Arbor, Mich. :  |c UMI,  |d 1999-  |f (Early English books online)  |n Digital version of: (Early English books, 1641-1700 ; 116:9)  |7 s1999 miun s 
700 1 |a Taylor, Francis,  |d 1590-1656.  |t Gods choice and mans diligence. 
740 0 |a Gods choice and mans diligence. 
830 0 |a Early English books online. 
856 4 0 |u http://proxy.library.tamu.edu/login?url=https://search.proquest.com/docview/2248535416  |z Connect to the full text of this electronic book  |t 0 
999 f f |s 9a858834-b0b5-3467-8fa6-1b5feb3b72d4  |i f7676f85-4d7b-3780-a615-54e551128607  |t 0 
952 f f |a Texas A&M University  |b College Station  |c Electronic Resources  |d Available Online  |t 0  |h No information provided 
998 f f |t 0  |l Available Online